| 000 | 00865nas a2200289 4500 | ||
|---|---|---|---|
| 001 | BR2016001811 | ||
| 003 | BR-BrBNA | ||
| 005 | 20231205130348.0 | ||
| 007 | ta | ||
| 008 | 230509b bl.|||p| |||| 00| 00por d | ||
| 040 |
_aBR-BrBNA _bpor _cBiblioteca Nacional de Agricultura |
||
| 041 | _a(Pt) | ||
| 072 | _aL40 | ||
| 100 | 1 | _aAdami, M. | |
| 100 | 1 | _aRekowsky, B.S.S. | |
| 100 | 1 | _aSilva, R.D.G. | |
| 100 | 1 | _aFaria, M.M.M.D. | |
| 100 | 1 | _aPinto, M.G.F. | |
| 100 | 1 | _aAlmeida, A.E.F.S. | |
| 245 | 1 | _aTopografia vertebromedular de irara (Eira barbara Linnaeus, 1758) | |
| 650 | _aANIMAL SELVAGEM | ||
| 650 | _aANATOMIA ANIMAL | ||
| 650 | _aSISTEMA NERVOSO | ||
| 773 | 0 |
_tPesquisa Veterinária Brasileira (Brazil) _xISSN 0100-736X _g(Oct 2015), v. 35(10) p. 871-874 _wBR2016001811 |
|
| 909 |
_a202311 _bLúcia _c55 _dLúcia Elande |
||
| 942 |
_2AGRIS _n0 _cANA |
||
| 999 |
_c249048 _d249048 |
||